000 00513nam a22001577a 4500
003 LC
005 20151203145214.0
008 151203b xxu||||| |||| 00| 0 eng d
020 _a9780435994266
050 _aQC 32 .H229 2009
100 _aHamper, Chris
245 _aPhysics :
_bstandard level : developed specially for the IB diploma
_cChris Hamper., Keith Ord
260 _aUnited Kingdom
_bHeinemann International Baccalaureate
_c2009
300 _a448 pages.,
_bcol.,ill.;
_c26 cm.
942 _2lcc
_cBK
999 _c289010
_d289010